000 00505nam a2200193Ia 4500
008 240510s9999 xx 000 0 und d
020 _a0000201331349
041 _aEng
082 _a005.117
082 _bH25
100 _aHENDERSON-SELLERS B. & SIMONS A.
245 4 _aTHE OPEN TOOLBOX OF TECHNIQUES :( With CD)
260 _bNEW YORK : ADDISION WESLEY
260 _c1998
300 _a426 p.
650 _aSOFTWARE ENGINEERING : OBJECT ORIENTED PROGRAMMING
942 _2ddc
942 _cRBK
999 _c24965
_d24965
945 _a1
_bMadushi Gamage
_c1
_dMadushi Gamage